000 00524nam a2200169 4500
001 140517
003 ES-MaACL
005 20230906200109.0
007 t|
008 070214s1969 mx r ||||1| spa d
100 1 _aSeara Vázquez, Modesto.
_9104985
245 1 3 _aLa política exterior de México
_b: la práctica de México en el Derecho Internacional /
_cModesto Seara Vázquez.
250 _a1ª. ed.
260 _aMéxico :
_bEsfinge,
_c1969.
300 _a254 p. ;
_c23 cm.
852 _aES-MaACL
_jL-3630
_bR.104748
999 _c140517
_d140517